Statistics for Countries Bordering Libya

Click here to take the quiz!

General Stats

  • This quiz has been taken 2,945 times
  • The average score is 6 of 6

Answer Stats

Length (km)Countries% Correct
1,115Egypt
99%
982Algeria
98%
459Tunisia
96%
1,055Chad
95%
383Sudan
95%
354Niger
85%

Score Distribution

Percentile by Number Answered

Percent of People with Each Score

Your Score History

You have not taken this quiz